Library Banner

Muhammad Ayub Khuro/ (Record no. 100681)

MARC details
000 -LEADER
fixed length control field 00397nam a22001577a 4500
005 - DATE AND TIME OF LATEST TRANSACTION
control field 20171211144833.0
008 - FIXED-LENGTH DATA ELEMENTS--GENERAL INFORMATION
fixed length control field 171211b xxu||||| |||| 00| 0 eng d
020 ## - INTERNATIONAL STANDARD BOOK NUMBER
International Standard Book Number 9690014242
040 ## - CATALOGING SOURCE
Transcribing agency PK-LaUMT
082 ## - DEWEY DECIMAL CLASSIFICATION NUMBER
Classification number PKAC 320.95491092
Item number HAM-M
100 ## - MAIN ENTRY--PERSONAL NAME
Personal name Hamida Khuhro
245 ## - TITLE STATEMENT
Title Muhammad Ayub Khuro/
Statement of responsibility, etc Hamida Khuhro
260 ## - PUBLICATION, DISTRIBUTION, ETC. (IMPRINT)
Place of publication, distribution, etc Lahore:
Name of publisher, distributor, etc Ferozsos,
Date of publication, distribution, etc 1998
300 ## - PHYSICAL DESCRIPTION
Extent 576 p.
942 ## - ADDED ENTRY ELEMENTS (KOHA)
Koha item type Books
Holdings
Withdrawn status Lost status Damaged status Home library Current library Date acquired Full call number Barcode Date last seen Price effective from Koha item type
      UMT Main Campus UMT Main Campus 2017-12-11 PKAC 320.95491092 HAM-M 116514 2017-12-11 2017-12-11 Books